1510 1930 1923 1357 1663 1230 1952 1514 1723 1353 1770 1672 1558 1511 1149 1622 1433 1749 1683 1835 1278 1672 1172 1211 1263 1285 1365 1356 1079 1942 1183 1889 1116 1972 1744 1143 1871 1252 1002 1938 1029 1297 1180 1318 1522 1489 1824 1322 1015 1739 1099 1781 1698 1013 1498 1966 1175 1922 1918 1616 1500 1144 1483 1263 1760 1256 1884 1831 1071 1282 1796 1096 1510 1326 1258 1867 1046 1081 1478 1026 1346 1097 1320 1811 1772 1961 1340 1538 1074 1277 1806 1090 1155 1380 1516 1871 1690 1091 1896 BCNSPRNW ULIB Ver.6.0+V

เปลี่ยนเป็นภาษาไทย

Change to English
 แสดงรายละเอียดบรรณานุกรม
  กลับหน้าหลัก

Brief Record : Get Marc (ISO 2709) : E-mail record : QR code < ปิดหน้าต่าง
LEADER : 00000nam 2200000uu 4500
001    13399124645
003     ULIB
008    151110s2553||||th 000 0 tha d
020    ^a9786167052088
090    ^aนว.^bร388ฮ ล.2
100    ^aรัศมีจันทร์
245    ^aไฮโซติดเกาะ ตอน ฝนพรำในวสันตฤดู เล่ม 2/^cรัศมีจันทร์
250    ^aพิมพ์ครั้งที่ 1
260    ^aกรุงเทพฯ :^bณ บ้านวรรณกรรม,^c2553
300    ^a376 หน้า
710 1  ^aณ บ้านวรรณกรรม
945    ^p240^l0^i026741
999    ^aเกษร โพธิ์สุวรรณ
รายการนี้ยังไม่มีแท็ก
คุณยังไม่ได้ล็อกอิน คุณสามารถมีกิจกรรมร่วมกับเว็บไซต์ได้ แต่ต้องล็อกอินก่อน ::
  ล็อกอิน

รายการสื่อสารสนเทศ

ลำดับที่ ประเภท เลขเรียก/บาร์โค้ด สถานที่ สถานะ
1. นวนิยาย
นวนิยาย
นว. ร388ฮ ล.2 ฉ.1 
  Barcode: 026741
ห้องสมุดวิทยาเขตสวรรค์ประชารักษ์
►นวนิยาย
บนชั้น
  ขอยืม

รายการใกล้เคียง
    ผู้แต่ง [รัศมีจันทร์]

BibComment


ยังไม่เคยถูกคอมเมนท์

คอมเมนท์ทรัพยากรรายการนี้
  คอมเมนท์: ไฮโซติดเกาะ ตอน ..


 Copyright 2026. Bcnsprnw @Library